<?xml version="1.0" encoding="UTF-8"?>
<collection xmlns="http://www.loc.gov/MARC21/slim">
 <record>
  <leader>01259nam a22002057a 4500</leader>
  <controlfield tag="001">NCT_4_002455</controlfield>
  <controlfield tag="008">240115b        xxu||||| |||| 00| 0 vie d</controlfield>
  <datafield tag="999" ind1=" " ind2=" ">
   <subfield code="c">7987</subfield>
   <subfield code="d">7987</subfield>
  </datafield>
  <datafield tag="020" ind1=" " ind2=" ">
   <subfield code="a">9786043453454</subfield>
   <subfield code="c">200000</subfield>
  </datafield>
  <datafield tag="082" ind1="0" ind2="4">
   <subfield code="2">23rd ed.</subfield>
   <subfield code="a">158.1</subfield>
   <subfield code="b">V121</subfield>
  </datafield>
  <datafield tag="100" ind1="1" ind2=" ">
   <subfield code="a">Nguyễn Phi Vân</subfield>
  </datafield>
  <datafield tag="245" ind1="1" ind2="0">
   <subfield code="a">Mở cửa tương lai</subfield>
   <subfield code="b">Tương lai thuộc về người bắt kịp sự thay đổi và chuẩn bị đủ để nắm lấy thời cơ</subfield>
   <subfield code="c">Nguyễn Phi Vân</subfield>
  </datafield>
  <datafield tag="250" ind1=" " ind2=" ">
   <subfield code="a">Tái bản lần thứ 1</subfield>
  </datafield>
  <datafield tag="260" ind1=" " ind2=" ">
   <subfield code="a">H.</subfield>
   <subfield code="b">Thế Giới</subfield>
   <subfield code="c">2022</subfield>
  </datafield>
  <datafield tag="300" ind1=" " ind2=" ">
   <subfield code="a">281tr.</subfield>
   <subfield code="c">21 cm</subfield>
  </datafield>
  <datafield tag="520" ind1="3" ind2=" ">
   <subfield code="a">Tương lai thuộc về người bắt kịp sự thay đổi và chuẩn bị đủ để nắm lấy thời cơ. Chính là những ai biết làm chủ bản thân bằng tư duy tích cực, dám nhìn xa, nhìn rộng, chấp nhận thất bại nhưng không bỏ cuộc và quyết tâm theo đuổi mục tiêu đến cùng.</subfield>
  </datafield>
  <datafield tag="653" ind1=" " ind2=" ">
   <subfield code="a">Tham khảo</subfield>
  </datafield>
  <datafield tag="942" ind1=" " ind2=" ">
   <subfield code="2">ddc</subfield>
   <subfield code="c">BK</subfield>
  </datafield>
  <datafield tag="952" ind1=" " ind2=" ">
   <subfield code="0">0</subfield>
   <subfield code="1">0</subfield>
   <subfield code="2">ddc</subfield>
   <subfield code="4">0</subfield>
   <subfield code="6">158_100000000000000_V121</subfield>
   <subfield code="7">0</subfield>
   <subfield code="9">28368</subfield>
   <subfield code="a">000001</subfield>
   <subfield code="b">000001</subfield>
   <subfield code="d">2024-01-15</subfield>
   <subfield code="o">158.1 V121</subfield>
   <subfield code="p">TK.03824</subfield>
   <subfield code="r">2024-01-15</subfield>
   <subfield code="w">2024-01-15</subfield>
   <subfield code="y">BK</subfield>
  </datafield>
  <datafield tag="980" ind1=" " ind2=" ">
   <subfield code="a">Thư viện Trường Đại học Nam Cần Thơ</subfield>
  </datafield>
 </record>
</collection>
